| 000 | 00644cam a22002171 4500 | ||
|---|---|---|---|
| 001 | sa 68008371 | ||
| 003 | DLC | ||
| 005 | 20260227112531.0 | ||
| 008 | 690113s1967 ii a 00010 eng | ||
| 010 | _asa 68008371 //r842 | ||
| 025 | _aPL480:I-E-8893 | ||
| 043 | _aa-ii--- | ||
| 050 | 0 |
_aBP63.I4 _bA5 1967 |
|
| 082 | _a301.45/29/7054 | ||
| 110 | 1 | 0 |
_aIndia. _bMinistry of Information and Broadcasting. |
| 245 | 1 | 0 | _aMuslims in India. |
| 250 | _a[Rev. ed. | ||
| 260 | 0 |
_aNew Delhi] _bPublications Division, Ministry of Information and Broadcasting, Govt. of India _c[1967] |
|
| 300 |
_a43 p. _billus. _c22 cm. |
||
| 650 | 0 |
_aMuslims _zIndia. |
|
| 999 |
_c82385 _d82385 |
||